00333nam a2200121Ia 4500008004100000041000800041082001700049100002400066245004400090260005300134300001300187365001100200240624s9999 xx 000 0 und d aeng a658.3054 KHA aKHALAKDINA MARGARET aHUMAN DEVELOPMENT IN THE INDIAN CONTEXT c2011aNew DelhibSage Publications India Pvt Ltd a452 : p. cRSb35